| Поле | Инд. | ПП | Название | Значение |
|---|---|---|---|---|
| Тип записи | a | |||
| Библиографический уровень | m | |||
| 001 | Контрольный номер | b0b6e8d7-0955-48f4-a598-b7416a853bd8 | ||
| 005 | Дата корректировки | 20140703125937.1 | ||
| 008 | Кодируемые данные | 040730 | ||
| 020 | c | Цена, тираж | б/ц | |
| 040 | a | Служба первич. каталог. | НБ ТвГУ | |
| 041 | a | Код языка текста | rus | |
| 080 | a | Индекс УДК | 800.732(043.3) | |
| a | Индекс УДК | 82.035(043.3) | ||
| 084 | a | Индекс другой классификации/Индекс ББК | Ш107.7я031 | |
| a | Индекс другой классификации/Индекс ББК | Ш100.191я031 | ||
| 090 | x | Авторский знак | Р69 | |
| a | Полочн. индекс | Ш107.7 | ||
| 100 | 1_ | a | Автор | Романовская Нэля Владимировна |
| 245 | 10 | a | Заглавие | Языковая способность как детерминанта понимания иноязычного текста: |
| b | Продолж. заглавия | автореф. дис. ... д-ра филол. наук : 10.02.19 | ||
| c | Ответственность | Моск. гос. техн. ун-т гражд. авиации, Каф. спец. яз. подгот. | ||
| 260 | 1_ | a | Место издания | Тверь |
| b | Издательство | Б. и. | ||
| c | Дата издания | 2004 | ||
| 300 | a | Объем | 40 с. | |
| 500 | a | Примечание | На правах рукоп. | |
| 504 | a | Библиография | Библиогр.: с.38-40. | |
| 583 | a | Действие | Получение впервые 308 30.07.2004 | |
| 650 | a | Основная рубрика | Языкознание | |
| 650 | a | Основная рубрика | Перевод | |
| x | Основная подрубрика | Теория | ||
| 650 | a | Основная рубрика | Билингвизм | |
| 653 | a | Ключевые слова | Языкознание | |
| a | Ключевые слова | Перевод | ||
| a | Ключевые слова | Теория перевода | ||
| a | Ключевые слова | Билингвизм | ||
| a | Ключевые слова | Психолингвистика | ||
| a | Ключевые слова | Переводческая деятельность | ||
| a | Ключевые слова | Авторефераты | ||
| 852 | t | Порядковый номер экземпляра | 2 | |
| p | Инвентарный номер | б/н | ||
| 888 | a | Бесплатные | ||
| 930 | a | Новая/Ретро | авторефераты | |
| 952 | p | 308.2004 б/ц 2 б/н | ||
| c | Вид литературы | А/Р н | ||
| 954 | a | Дата поступления на обработку | 20040812 | |
| 999 | a | Подразделение 2 | ч.з. |